[Event "Staatsmeisterschaft 2001"]
[Site "Mureck (Austria)"]
[Date "2001.08.09"]
[Round "5.7"]
[White "Neubauer, Martin"]
[Black "Wach, Markus"]
[Result "1-0"]
[WhiteElo "2370"]
[BlackElo "2377"]
[PlyCount "97"]
[EventDate "2001.08.09"]

1. e4 Nc6 2. d4 d5 3. e5 Bf5 4. c3 Qd7 5. Nd2 f6 6. f4 g5 7. Ndf3 gxf4 8. Bxf4
Bh6 9. Qd2 Bxf4 10. Qxf4 fxe5 11. dxe5 e6 12. Bb5 Nge7 13. Ne2 a6 14. Bxc6 Nxc6
15. Nfd4 O-O-O 16. O-O Be4 17. Ng3 Bg6 18. Qe3 Rdg8 19. Rf6 Nd8 20. Qh6 c5 21.
Nf3 Rg7 22. b4 b6 23. a4 Rhg8 24. a5 b5 25. bxc5 Qc6 26. Nd4 Qxc5 27. Kh1 Re7
28. Qe3 Rge8 29. Nge2 Rc7 30. Qd2 Be4 31. Raf1 Rg8 32. R1f2 Kb7 33. h3 h5 34.
Rh6 h4 35. Rxh4 Qe7 36. Rhf4 Qg5 37. Ng1 Rh7 38. Ndf3 Qg3 39. Qe3 Ka8 40. Qd2
Rhg7 41. Qe3 { } 41... Rc7 42. Ne2 Qg7 43. Rg4 Qh8 44. Rxg8 Qxg8 45. Ng5 Bb1
46. Rf6 Qe8 47. Nd4 b4 48. cxb4 Qa4 49. Rf8 1-0

[Event "Staatsmeisterschaft 2001"]
[Site "Mureck (Austria)"]
[Date "2001.08.09"]
[Round "5.8"]
[White "Rolletschek, Heinrich"]
[Black "Stanec, Nikolaus"]
[Result "0-1"]
[WhiteElo "2340"]
[BlackElo "2530"]
[PlyCount "82"]
[EventDate "2001.08.09"]

1. e4 c5 2. Nf3 Nc6 3. d4 cxd4 4. Nxd4 Nf6 5. Nc3 d6 6. g3 Bg4 7. f3 Bd7 8. Be3
g6 9. Bg2 Bg7 10. O-O O-O 11. Rb1 Rc8 12. Nde2 Qa5 13. a3 Ne5 14. Bd4 a6 15. f4
Nc6 16. Bxf6 Bxf6 17. e5 Bg7 18. exd6 exd6 19. Nd5 Rfe8 20. Nec3 Nd4 21. Ne4
Re6 22. c3 Nf5 23. g4 Ne3 24. Nxe3 Qb6 25. Qd2 25... Bc6 { } 26. Kh1 Bxe4 27.
Nd5 Qc6 28. f5 Bxg2+ 29. Qxg2 Re5 30. Rbd1 Rce8 31. f6 Bf8 32. h4 Re2 33. Rf2
Re1+ 34. Rxe1 Rxe1+ 35. Kh2 Qe8 36. Qf3 Qe5+ 37. Kg2 37... Re4 { } 38. Rd2 h5
39. gxh5 Rxh4 40. Re2 Rh2+ 41. Kf1 Rxe2 0-1

[Event "Staatsmeisterschaft 2001"]
[Site "Mureck (Austria)"]
[Date "2001.08.10"]
[Round "6.1"]
[White "Lendwai, Reinhard"]
[Black "Stanec, Nikolaus"]
[Result "1/2-1/2"]
[WhiteElo "2380"]
[BlackElo "2530"]
[PlyCount "21"]
[EventDate "2001.08.10"]

1. e4 c5 2. Nf3 Nc6 3. Bb5 g6 4. O-O Bg7 5. Bxc6 bxc6 6. Re1 d6 7. c3 Bg4 8. h3
Bxf3 9. Qxf3 e5 10. d3 Ne7 11. Bg5 {.} 1/2-1/2

[Event "Staatsmeisterschaft 2001"]
[Site "Mureck (Austria)"]
[Date "2001.08.10"]
[Round "6.2"]
[White "Wach, Markus"]
[Black "Rolletschek, Heinrich"]
[Result "1-0"]
[WhiteElo "2377"]
[BlackElo "2340"]
[PlyCount "49"]
[EventDate "2001.08.10"]

1. e4 e5 2. Nf3 Nc6 3. Bb5 a6 4. Ba4 d6 5. Bxc6+ bxc6 6. d4 exd4 7. Nxd4 c5 8.
Ne2 g6 9. Nbc3 Bg7 10. Bf4 Ne7 11. Qd2 O-O 12. Bh6 f5 13. Bxg7 Kxg7 14. O-O-O
Bb7 15. e5 { } 15... Bxg2 16. Nf4 Qc8 17. Nxg2 dxe5 18. Qe3 Qe6 19. Qxc5 Nc6
20. f4 e4 21. Ne3 Rf7 22. h4 Ne7 23. Ncd5 Rb8 24. h5 g5 25. Nxe7 1-0

[Event "Staatsmeisterschaft 2001"]
[Site "Mureck (Austria)"]
[Date "2001.08.10"]
[Round "6.3"]
[White "Weiss, Christian"]
[Black "Neubauer, Martin"]
[Result "1/2-1/2"]
[WhiteElo "2403"]
[BlackElo "2370"]
[PlyCount "27"]
[EventDate "2001.08.10"]

1. Nf3 d5 2. b3 Nf6 3. Bb2 e6 4. g3 c5 5. Bg2 Nc6 6. O-O Be7 7. c4 O-O 8. cxd5
exd5 9. d4 Ne4 10. dxc5 Bxc5 11. Nc3 Nxc3 12. Bxc3 d4 13. Bb2 Bg4 14. Rc1 {.}
1/2-1/2

[Event "Staatsmeisterschaft 2001"]
[Site "Mureck (Austria)"]
[Date "2001.08.10"]
[Round "6.4"]
[White "Fahrner, Kurt"]
[Black "Weinzettl, Ernst"]
[Result "1-0"]
[WhiteElo "2365"]
[BlackElo "2413"]
[PlyCount "123"]
[EventDate "2001.08.10"]

1. d4 d5 2. Nf3 c6 3. c4 Nf6 4. Qc2 g6 5. Bf4 Bg7 6. e3 O-O 7. Nc3 a6 8. Rc1
Bf5 9. Bd3 Bxd3 10. Qxd3 Nbd7 11. O-O e6 12. h3 Re8 13. Rc2 Rc8 14. b4 Nh5 15.
Bh2 f5 16. Rfc1 Nhf6 17. Ne5 Nxe5 18. Bxe5 Ne4 19. Bxg7 Kxg7 20. Nxe4 fxe4 21.
Qb3 Rc7 22. a4 Rf7 23. b5 axb5 24. axb5 Ref8 25. cxd5 cxd5 26. b6 Kh6 27. Ra1
Qh4 28. Raa2 g5 29. Qb4 g4 30. Qd6 gxh3 31. Qxe6+ Rf6 32. Qxh3 Qxh3 33. gxh3
Rxb6 34. Rab2 Rg8+ 35. Kf1 Rxb2 36. Rxb2 Rg7 37. Rb6+ Kh5 38. Rd6 { } 38... Kh4
39. Rxd5 Kxh3 40. Rh5+ Kg4 41. Re5 h5 42. Rxe4+ Kh3 43. d5 b5 44. Rb4 Rb7 45.
d6 h4 46. Ke2 Rd7 47. Rxb5 Rxd6 48. Rg5 Kh2 49. f4 Ra6 50. f5 h3 51. e4 Kh1 52.
Kf3 Rh6 53. Rg6 Rh8 54. Ra6 Rg8 55. Rh6 h2 56. Kf4 Kg1 57. e5 h1=Q 58. Rxh1+
Kxh1 59. f6 Kg2 60. f7 Rg3 61. e6 Kf2 62. Kf5 1-0

[Event "Staatsmeisterschaft 2001"]
[Site "Mureck (Austria)"]
[Date "2001.08.10"]
[Round "6.5"]
[White "Brandner, Stefan"]
[Black "Pilaj, Herwig"]
[Result "0-1"]
[WhiteElo "2276"]
[BlackElo "2297"]
[PlyCount "72"]
[EventDate "2001.08.10"]

1. e4 c5 2. d3 Nc6 3. g3 g6 4. Bg2 Bg7 5. f4 d6 6. Nf3 Nf6 7. O-O O-O 8. h3 b5
9. g4 a5 10. a4 b4 11. Nbd2 Ba6 12. Rb1 Qb6 13. Kh2 Nd7 14. b3 e6 15. Nc4 Qc7
16. Ne3 Nd4 17. g5 Rae8 18. Kh1 f5 19. gxf6 Bxf6 20. f5 exf5 21. Nd5 Qd8 22.
Nxf6+ Nxf6 23. Nxd4 cxd4 24. exf5 Nh5 25. Qg4 Bc8 26. Bb2 Rxf5 27. Rxf5 Bxf5
28. Qxd4 Re5 29. Kh2 Qg5 30. Qf2 Qe3 31. Qh4 Re7 32. Rf1 { } 32... Qe2 33. Rf2
Qe1 34. Bd5+ 34... Kf8 { } 35. Rxf5+ gxf5 36. Qxh5 Qf2+ 0-1

[Event "Staatsmeisterschaft 2001"]
[Site "Mureck (Austria)"]
[Date "2001.08.10"]
[Round "6.6"]
[White "Mahdy, Khaled"]
[Black "Volkmann, Friedrich Karl"]
[Result "1/2-1/2"]
[WhiteElo "2348"]
[BlackElo "2406"]
[PlyCount "57"]
[EventDate "2001.08.10"]

1. e4 c5 2. Nf3 Nc6 3. Bb5 e6 4. Bxc6 bxc6 5. d3 Ne7 6. Ng5 f6 7. Nh3 g6 8. f4
Bg7 9. Nd2 O-O 10. O-O d6 11. Nf2 e5 12. fxe5 fxe5 13. Nc4 Be6 14. b3 Qd7 15.
Be3 h6 16. Qc1 Kh7 17. Qa3 { } 17... Rf7 18. Nb6 axb6 19. Qxa8 Rf8 20. Qa6 Rb8
21. Qa3 g5 22. Qc1 Ng6 23. Qd1 Nf4 24. a4 Kg6 25. Qd2 h5 26. g3 h4 27. gxf4
exf4 28. Bxf4 28... gxf4 { } 29. Kh1 1/2-1/2

[Event "Staatsmeisterschaft 2001"]
[Site "Mureck (Austria)"]
[Date "2001.08.10"]
[Round "6.7"]
[White "Wukits, Rene"]
[Black "Sommerbauer, Norbert"]
[Result "1/2-1/2"]
[WhiteElo "2269"]
[BlackElo "2422"]
[PlyCount "22"]
[EventDate "2001.08.10"]

1. d4 d5 2. Nf3 e6 3. e3 c5 4. c3 Nc6 5. Bd3 Bd6 6. Nbd2 Nf6 7. O-O O-O 8. Qe2
e5 9. dxc5 Bxc5 10. e4 Re8 11. exd5 11... Nxd5 {.} 1/2-1/2

[Event "Staatsmeisterschaft 2001"]
[Site "Mureck (Austria)"]
[Date "2001.08.11"]
[Round "7.2"]
[White "Sommerbauer, Norbert"]
[Black "Baumegger, Siegfried"]
[Result "1-0"]
[WhiteElo "2422"]
[BlackElo "2357"]
[PlyCount "65"]
[EventDate "2001.08.11"]

1. e4 c5 2. Nf3 Nc6 3. Bb5 g6 4. Bxc6 bxc6 5. O-O Bg7 6. Re1 Nf6 7. e5 Nd5 8.
c4 Nc7 9. d4 cxd4 10. Qxd4 O-O 11. Qh4 f5 12. Bh6 Ne6 13. Nc3 Qe8 14. Rad1 Rb8
15. b3 Bxh6 16. Qxh6 f4 17. Ne4 Qf7 18. Nd4 { } 18... Qg7 19. Qxg7+ Nxg7 20.
Nc5 Kf7 21. e6+ dxe6 22. Nxc6 Ra8 23. Nd8+ Kf6 24. Ne4+ Kf5 25. Nc6 Re8 26.
Nd4+ Kg4 27. Rd3 g5 28. Rh3 f3 29. Rg3+ Kh5 30. Rxg5+ Kh6 31. Nxf3 Bb7 32. Ne5
Bxe4 33. Nf7# 1-0

[Event "Staatsmeisterschaft 2001"]
[Site "Mureck (Austria)"]
[Date "2001.08.11"]
[Round "7.3"]
[White "Volkmann, Friedrich Karl"]
[Black "Wukits, Rene"]
[Result "1/2-1/2"]
[WhiteElo "2406"]
[BlackElo "2269"]
[PlyCount "37"]
[EventDate "2001.08.11"]

1. g3 c5 2. Bg2 Nc6 3. c4 g6 4. Nc3 Bg7 5. a3 e6 6. b4 d6 7. Rb1 Nge7 8. Nf3
O-O 9. O-O Rb8 10. e3 b6 11. Qc2 e5 12. d3 Bf5 13. b5 Na5 14. Nh4 Be6 15. e4 f5
16. exf5 gxf5 17. Bg5 Qd7 18. Bxe7 Qxe7 19. Nd5 {.} 1/2-1/2

[Event "Staatsmeisterschaft 2001"]
[Site "Mureck (Austria)"]
[Date "2001.08.11"]
[Round "7.5"]
[White "Weinzettl, Ernst"]
[Black "Brandner, Stefan"]
[Result "0-1"]
[WhiteElo "2413"]
[BlackElo "2276"]
[PlyCount "106"]
[EventDate "2001.08.11"]

1. e4 e5 2. Nf3 Nc6 3. Nc3 Nf6 4. d4 exd4 5. Nxd4 Nxe4 6. Nxe4 Qe7 7. f3 d5 8.
Bb5 Bd7 9. Bxc6 bxc6 10. O-O dxe4 11. Re1 O-O-O 12. Rxe4 Qf6 13. Qe2 c5 14. Nb3
Qb6 15. Be3 Bd6 16. Qf2 Bc6 17. Rc4 Qb5 18. Rc3 c4 19. a4 Qd5 20. Nd4 Bb4 21.
Nxc6 Qxc6 22. Bxa7 Bxc3 23. bxc3 Rd5 24. Bd4 Rhd8 25. h3 f6 26. Qh4 h5 27. a5
Qa6 28. Qe4 Rxa5 29. Rxa5 Qxa5 30. Qe6+ Kb7 31. Qxc4 Rd5 32. Kh2 Qb5 33. Qa2
Qc6 34. Bf2 g5 35. h4 35... g4 { } 36. Qa7+ Kc8 37. Qe3 Re5 38. Qf4 gxf3 39.
gxf3 Re2 40. Kg1 Qe6 41. Qa4 Re5 42. c4 Kd8 43. Qb3 Qc6 44. Qd3+ Kc8 45. Kg2
Re8 46. c5 Qe6 47. c4 Rg8+ 48. Kh2 Qe5+ 49. Kh3 Rd8 50. Qb1 Qf4 51. Bg3 Qxf3
52. c6 Qg4+ 53. Kh2 Rd2+ 0-1

[Event "Staatsmeisterschaft 2001"]
[Site "Mureck (Austria)"]
[Date "2001.08.11"]
[Round "7.6"]
[White "Neubauer, Martin"]
[Black "Fahrner, Kurt"]
[Result "1-0"]
[WhiteElo "2370"]
[BlackElo "2365"]
[PlyCount "49"]
[EventDate "2001.08.11"]

1. e4 e5 2. Nc3 Nf6 3. Nf3 Nc6 4. d4 Bb4 5. Nxe5 Nxe4 6. Qg4 { } 6... Nxc3 7.
Qxg7 Rf8 8. a3 Nxd4 9. axb4 Nxc2+ 10. Kd2 Nxa1 11. Kxc3 a5 12. Bc4 axb4+ 13.
Kd2 d5 14. Bb5+ c6 15. Re1 Be6 16. Nxc6 bxc6 17. Rxe6+ { } 17... Kd7 18. Rxc6
Qe7 19. Kd1 Nb3 20. Bg5 Ra1+ 21. Rc1+ Ke6 22. Rxa1 Rg8 23. Ra6+ Kf5 24. Bd3+
Kg4 25. h3+ 1-0

[Event "Staatsmeisterschaft 2001"]
[Site "Mureck (Austria)"]
[Date "2001.08.11"]
[Round "7.7"]
[White "Rolletschek, Heinrich"]
[Black "Weiss, Christian"]
[Result "0-1"]
[WhiteElo "2340"]
[BlackElo "2403"]
[PlyCount "72"]
[EventDate "2001.08.11"]

1. e4 c6 2. d4 g6 3. Nf3 Bg7 4. c3 d6 5. g3 Nf6 6. Nbd2 O-O 7. Bg2 Na6 8. O-O
c5 9. Re1 cxd4 10. Nxd4 Nc5 11. Nf1 a6 12. Nb3 Na4 13. Rb1 Qc7 14. Ne3 e6 15.
Qd3 Bd7 16. Bd2 Bc6 17. Qc2 Rfc8 18. Nd4 Be8 19. Rbc1 b5 20. b3 Nb6 21. Qb1
Nfd7 22. Ne2 Nc5 23. c4 bxc4 24. Nxc4 Nxc4 25. Rxc4 Bb5 26. Rcc1 Qd7 27. a3 Nd3
28. Rxc8+ 28... Rxc8 { } 29. Rd1 Nb2 30. Rc1 Bxe2 31. Bf1 Bxf1 32. Rxc8+ Qxc8
33. Kxf1 Qc5 34. a4 Qd4 35. Ke2 d5 36. Be3 Qxe4 0-1

[Event "Staatsmeisterschaft 2001"]
[Site "Mureck (Austria)"]
[Date "2001.08.11"]
[Round "7.8"]
[White "Stanec, Nikolaus"]
[Black "Wach, Markus"]
[Result "0-1"]
[WhiteElo "2530"]
[BlackElo "2377"]
[PlyCount "86"]
[EventDate "2001.08.11"]

1. d4 d5 2. c4 c6 3. Nf3 Nf6 4. e3 e6 5. Nbd2 c5 6. dxc5 Bxc5 7. a3 dxc4 8.
Bxc4 O-O 9. b4 Be7 10. Bb2 a6 11. Qe2 b5 12. Bd3 Bb7 13. O-O Nbd7 14. e4 Rc8
15. Rad1 Qc7 16. e5 Nd5 17. Qe4 g6 18. Qg4 Rfd8 19. Ne4 N5b6 20. Qf4 Bxe4 21.
Qxe4 Nc4 22. Rc1 { } 22... Nc5 23. bxc5 Nxb2 24. Be2 Na4 25. c6 Bxa3 26. Rc2
Rd5 27. Ra1 Bf8 28. h4 Rc5 29. Rxc5 Nxc5 30. Qf4 Qxc6 31. Ng5 Qe8 32. h5 Bh6
33. hxg6 hxg6 34. Qh4 Bxg5 35. Qxg5 Na4 36. Bd1 Nc5 37. Bc2 b4 38. Rd1 b3 39.
Bb1 Qf8 40. Rd4 a5 41. Qg3 a4 42. Rg4 Rc7 43. Rf4 Qg7 0-1

[Event "Staatsmeisterschaft 2001"]
[Site "Mureck (Austria)"]
[Date "2001.08.12"]
[Round "8.2"]
[White "Weiss, Christian"]
[Black "Stanec, Nikolaus"]
[Result "1/2-1/2"]
[WhiteElo "2403"]
[BlackElo "2530"]
[PlyCount "41"]
[EventDate "2001.08.12"]

1. e4 c5 2. Nf3 e6 3. d4 cxd4 4. Nxd4 d6 5. Nc3 Nc6 6. g3 Nxd4 7. Qxd4 Ne7 8.
Bg2 Nc6 9. Qd2 Be7 10. b3 O-O 11. Bb2 a6 12. O-O Qc7 13. Ne2 Rd8 14. c4 Bf8 15.
Nf4 Qa5 16. Bc3 Qg5 17. Qb2 Bd7 18. h4 Qe7 19. Nd3 b5 20. cxb5 axb5 21. Rfd1 { 
} 1/2-1/2

[Event "Staatsmeisterschaft 2001"]
[Site "Mureck (Austria)"]
[Date "2001.08.12"]
[Round "8.3"]
[White "Fahrner, Kurt"]
[Black "Rolletschek, Heinrich"]
[Result "1-0"]
[WhiteElo "2365"]
[BlackElo "2340"]
[PlyCount "83"]
[EventDate "2001.08.12"]

1. d4 f5 2. g3 Nf6 3. Bg2 g6 4. Nf3 Bg7 5. b4 d6 6. Bb2 O-O 7. O-O c6 8. c4 Be6
9. Nbd2 Ne4 10. Qc2 Nxd2 11. Nxd2 Qd7 12. d5 Bf7 13. Bxg7 Kxg7 14. e4 fxe4 15.
Nxe4 cxd5 16. cxd5 Bxd5 17. Rad1 Bxe4 18. Qxe4 Nc6 19. b5 Nd8 20. Rfe1 Rf7 21.
Qd4+ Kg8 22. Bf1 Rf6 23. Re3 Nf7 24. Ra3 e5 25. Qe3 b6 26. Bc4 Rc8 27. Bd5 Rc7
28. Bc6 Qe7 29. Ra4 Nd8 30. Bd5+ Kh8 31. Re4 Rc5 32. f4 Nf7 33. a4 Kg7 34. Bxf7
Rxf7 35. Re1 { } 35... exf4 36. Qxc5 Qxe4 37. Qc3+ Qe5 38. Rxe5 dxe5 39. Qxe5+
Kg8 40. gxf4 h5 41. Kg2 Kh7 42. Kg3 1-0

[Event "Staatsmeisterschaft 2001"]
[Site "Mureck (Austria)"]
[Date "2001.08.12"]
[Round "8.4"]
[White "Brandner, Stefan"]
[Black "Neubauer, Martin"]
[Result "1/2-1/2"]
[WhiteElo "2276"]
[BlackElo "2370"]
[PlyCount "41"]
[EventDate "2001.08.12"]

1. g3 d5 2. Bg2 Nf6 3. d3 g6 4. f4 Bg7 5. Nf3 c6 6. Nc3 O-O 7. O-O Qb6+ 8. e3
Bg4 9. h3 Bxf3 10. Qxf3 d4 11. exd4 Qxd4+ 12. Be3 Qd7 13. g4 Na6 14. Rae1 Nb4
15. Re2 Nfd5 16. Nxd5 Nxd5 17. Bc1 f5 18. g5 Rfe8 19. Rfe1 Rad8 20. h4 e6 21.
a3 {.} 1/2-1/2

[Event "Staatsmeisterschaft 2001"]
[Site "Mureck (Austria)"]
[Date "2001.08.12"]
[Round "8.5"]
[White "Mahdy, Khaled"]
[Black "Weinzettl, Ernst"]
[Result "0-1"]
[WhiteElo "2348"]
[BlackElo "2413"]
[PlyCount "92"]
[EventDate "2001.08.12"]

1. e4 e6 2. d4 d5 3. Nc3 Nf6 4. e5 Nfd7 5. Nce2 c5 6. c3 Nc6 7. f4 Qb6 8. Nf3
f6 9. h4 cxd4 10. cxd4 fxe5 11. fxe5 Bb4+ 12. Nc3 O-O 13. a3 Be7 14. Be2 Rxf3
15. gxf3 Qxd4 16. f4 Nc5 17. Kf1 Bd7 18. Rh3 Rf8 19. Kg2 Qxd1 20. Bxd1 d4 21.
Ne2 d3 22. Ng1 Nd4 23. Be3 Bc6+ 24. Kh2 Nc2 25. Bxc2 dxc2 26. Bxc5 Bxc5 27. Rc3
Bd4 28. Rxc2 28... Rxf4 { } 29. Re1 Rxh4+ 30. Nh3 Rh5 31. Kg3 Bxe5+ 32. Kg4 Rf5
33. Ng5 h5+ 34. Kxh5 Bf6 35. Rg1 Kf8 36. Kh4 Ke7 37. Re2 Bd5 38. Ree1 a5 39. b4
axb4 40. axb4 Rf4+ 41. Kh5 Rxb4 42. Rg4 g6+ 43. Kh4 Rb3 44. Rgg1 Rf3 45. Kg4
Rf5 46. Ne4 Bxe4 0-1

[Event "Staatsmeisterschaft 2001"]
[Site "Mureck (Austria)"]
[Date "2001.08.12"]
[Round "8.6"]
[White "Wukits, Rene"]
[Black "Pilaj, Herwig"]
[Result "1/2-1/2"]
[WhiteElo "2269"]
[BlackElo "2297"]
[PlyCount "44"]
[EventDate "2001.08.12"]

1. d4 d5 2. c4 c6 3. Nf3 Nf6 4. Nc3 e6 5. Bg5 dxc4 6. e4 b5 7. e5 h6 8. Bh4 g5
9. exf6 gxh4 10. Ne5 Qxf6 11. a4 Bb7 12. Be2 { } 12... Nd7 13. Nxd7 Kxd7 14.
Bf3 a6 15. axb5 axb5 16. Rxa8 Bxa8 17. Qa1 Bb4 18. Qa7+ Kd6 19. O-O Bxc3 20.
bxc3 Qe7 21. Qc5+ Kd7 22. Qa7+ Kd6 1/2-1/2

[Event "Staatsmeisterschaft 2001"]
[Site "Mureck (Austria)"]
[Date "2001.08.12"]
[Round "8.7"]
[White "Baumegger, Siegfried"]
[Black "Volkmann, Friedrich Karl"]
[Result "0-1"]
[WhiteElo "2357"]
[BlackElo "2406"]
[PlyCount "82"]
[EventDate "2001.08.12"]

1. c4 e5 2. Nc3 Nf6 3. Nf3 Nc6 4. g3 Bb4 5. Nd5 e4 6. Nh4 O-O 7. Bg2 Re8 8. O-O
Bc5 9. d3 exd3 10. Qxd3 Ne5 11. Qc2 Nxd5 12. cxd5 d6 13. b3 a5 14. a3 b5 15.
Bb2 Qg5 16. Rae1 Qh5 17. Kh1 b4 18. a4 Ng4 19. e4 Ba6 20. h3 Bxf1 21. Rxf1 Nh6
22. f4 f6 23. e5 fxe5 24. Bf3 Qf7 25. fxe5 Rf8 26. e6 Qe7 27. Qe4 27... Qg5 { }
28. e7 Rfe8 29. Re1 Qxg3 30. Bg2 Bf2 31. Qe6+ Kh8 32. Qxh6 Bxe1 33. Nf5 Bc3 34.
Qe6 Qg5 35. Bxc3 bxc3 36. Be4 c2 37. Bxc2 Qc1+ 38. Kg2 Qxc2+ 39. Kg3 Rab8 40.
b4 axb4 41. Nh6 Qg6+ 0-1

[Event "Staatsmeisterschaft 2001"]
[Site "Mureck (Austria)"]
[Date "2001.08.13"]
[Round "9.1"]
[White "Sommerbauer, Norbert"]
[Black "Lendwai, Reinhard"]
[Result "1/2-1/2"]
[WhiteElo "2422"]
[BlackElo "2380"]
[PlyCount "20"]
[EventDate "2001.08.13"]

1. d4 f5 2. g3 Nf6 3. Bg2 d5 4. c4 c6 5. Nf3 e6 6. O-O Bd6 7. b3 Qe7 8. Bb2 O-O
9. Qc1 a5 10. Ba3 10... Na6 {.} 1/2-1/2

[Event "Staatsmeisterschaft 2001"]
[Site "Mureck (Austria)"]
[Date "2001.08.13"]
[Round "9.3"]
[White "Pilaj, Herwig"]
[Black "Baumegger, Siegfried"]
[Result "1/2-1/2"]
[WhiteElo "2297"]
[BlackElo "2357"]
[PlyCount "60"]
[EventDate "2001.08.13"]

1. d4 Nf6 2. Nf3 g6 3. c4 Bg7 4. Nc3 O-O 5. e4 d6 6. Be2 e5 7. Be3 Na6 8. O-O
Ng4 9. Bg5 Qe8 10. h3 h6 11. Bc1 Nf6 12. dxe5 dxe5 13. Be3 Qe7 14. Qc1 Kh7 15.
Nd5 Qd8 16. Nxf6+ Qxf6 17. c5 Nb4 18. Rd1 a5 19. Nh2 Qh4 20. f3 Nc6 21. Bf2 Qe7
22. Nf1 Nd4 23. Bd3 h5 24. Ne3 c6 25. Qc3 Bh6 26. Nc2 Nxc2 27. Qxc2 Bf4 28. Bc4
Kg7 29. Rd6 Qg5 30. h4 30... Qe7 { } 1/2-1/2

[Event "Staatsmeisterschaft 2001"]
[Site "Mureck (Austria)"]
[Date "2001.08.13"]
[Round "9.5"]
[White "Neubauer, Martin"]
[Black "Mahdy, Khaled"]
[Result "1/2-1/2"]
[WhiteElo "2370"]
[BlackElo "2348"]
[PlyCount "103"]
[EventDate "2001.08.13"]

1. e4 e5 2. Nc3 Nf6 3. Nf3 Nc6 4. d4 exd4 5. Nxd4 Bb4 6. Nxc6 bxc6 7. Bd3 d5 8.
exd5 cxd5 9. Qe2+ Be7 10. Bg5 O-O 11. O-O Bg4 12. Qd2 c6 13. Rfe1 Re8 14. Na4
Bh5 15. c4 Ne4 16. Bxe7 Rxe7 17. Qc2 Qd6 18. cxd5 cxd5 19. Nc3 Nf6 20. Nb5 Qb4
21. Rxe7 Qxe7 22. Rc1 Re8 23. h3 Bg6 24. Bxg6 hxg6 25. Nd4 Nh5 26. Qd2 26...
Qe5 { } 27. Nf3 Qf5 28. Qc2 Nf4 29. Qxf5 gxf5 30. Rc2 Ne6 31. Rd2 Rd8 32. Nd4
Nxd4 33. Rxd4 Kf8 34. Kf1 Ke7 35. Ke2 Rd6 36. Ra4 a6 37. Rb4 Ke6 38. Kd3 Rc6
39. f4 Kd6 40. b3 Kc5 41. Rb7 Rg6 42. Rc7+ Kd6 43. Rxf7 Rxg2 44. Rxf5 Rxa2 45.
Rg5 Rh2 46. Rxg7 Rxh3+ 47. Kd4 Rxb3 48. Rg6+ Ke7 49. Rxa6 Rb4+ 50. Ke5 Re4+ 51.
Kf5 Re1 52. Ra7+ 1/2-1/2

[Event "Staatsmeisterschaft 2001"]
[Site "Mureck (Austria)"]
[Date "2001.08.13"]
[Round "9.6"]
[White "Rolletschek, Heinrich"]
[Black "Brandner, Stefan"]
[Result "0-1"]
[WhiteElo "2340"]
[BlackElo "2276"]
[PlyCount "48"]
[EventDate "2001.08.13"]

1. e4 e5 2. Nf3 Nc6 3. Bb5 a6 4. Bxc6 dxc6 5. O-O Bg4 6. h3 Bh5 7. g4 Bg6 8.
Nxe5 Bd6 9. Nxg6 hxg6 10. Qf3 Qh4 11. Kg2 Bf4 12. d3 g5 13. Bxf4 gxf4 14. Rh1
Qf6 15. c3 Ne7 16. Qe2 Ng6 17. f3 O-O-O 18. Na3 Qh4 19. Rag1 Ne5 20. d4 Qg3+
21. Kf1 Qxf3+ 22. Qxf3 Nxf3 23. Rg2 23... Ng5 { } 24. Rf2 Nxe4 0-1

[Event "Staatsmeisterschaft 2001"]
[Site "Mureck (Austria)"]
[Date "2001.08.13"]
[Round "9.7"]
[White "Stanec, Nikolaus"]
[Black "Fahrner, Kurt"]
[Result "1-0"]
[WhiteElo "2530"]
[BlackElo "2365"]
[PlyCount "59"]
[EventDate "2001.08.13"]

1. d4 d5 2. c4 c6 3. Nf3 Nf6 4. e3 Bf5 5. cxd5 cxd5 6. Qb3 Qc7 7. Nc3 e6 8. Bd2
Nfd7 9. Nb5 Qb6 10. Bb4 a6 11. Bxf8 Rxf8 12. Qa3 Bg6 13. Nd6+ Kd8 14. Rc1 Nc6
15. Ne5 Ncxe5 16. dxe5 f6 17. Be2 fxe5 18. O-O { } 18... d4 19. Rfd1 Rf6 20.
Bf3 Rb8 21. Rc4 dxe3 22. fxe3 Rf4 23. Rcc1 Rb4 24. Nc4 Qb5 25. Nxe5 Be8 26. Qc3
Qb6 27. Nxd7 Bxd7 28. Qxg7 Qxe3+ 29. Kh1 Rd4 30. Qxd4 1-0

[Event "Staatsmeisterschaft 2001"]
[Site "Mureck (Austria)"]
[Date "2001.08.13"]
[Round "9.8"]
[White "Wach, Markus"]
[Black "Weiss, Christian"]
[Result "1/2-1/2"]
[WhiteElo "2377"]
[BlackElo "2403"]
[PlyCount "65"]
[EventDate "2001.08.13"]

1. e4 c6 2. d4 g6 3. Nf3 Bg7 4. c3 d5 5. e5 Bg4 6. Nbd2 f6 7. h3 Be6 8. Bd3 Nd7
9. Qe2 fxe5 10. dxe5 Nh6 11. Ng5 Nc5 12. Nxe6 Nxe6 13. Nf3 { } 13... O-O 14. h4
Qc7 15. h5 g5 16. Nxg5 Nxg5 17. Bxg5 Nf7 18. h6 Bxe5 19. Rh5 Kh8 20. Be3 Bf6
21. g4 Ne5 22. g5 Nxd3+ 23. Qxd3 Be5 24. O-O-O Bf4 25. g6 hxg6 26. Qxg6 Bxe3+
27. fxe3 Rg8 28. Qe6 Raf8 29. Qe5+ Qxe5 30. Rxe5 Rf7 31. e4 Rg2 32. Rd2 Rg1+
33. Rd1 1/2-1/2

[Event "Staatsmeisterschaft 2001"]
[Site "Mureck (Austria)"]
[Date "2001.08.14"]
[Round "10.2"]
[White "Fahrner, Kurt"]
[Black "Wach, Markus"]
[Result "1-0"]
[WhiteElo "2365"]
[BlackElo "2377"]
[PlyCount "75"]
[EventDate "2001.08.14"]

1. d4 d5 2. c4 c6 3. Nf3 Nf6 4. Qc2 e6 5. Bg5 h6 6. Bxf6 Qxf6 7. e3 Nd7 8. Nc3
g5 9. Bd3 Bg7 10. cxd5 cxd5 11. O-O O-O 12. Rfc1 g4 13. Nd2 a6 14. a4 Nb8 15.
a5 Nc6 16. Bf1 Rd8 17. Qb3 Qe7 18. g3 Qd6 19. Bg2 h5 20. Qd1 Bd7 21. Nb3 Be8
22. Rc2 f5 23. Nc5 Rab8 24. Rd2 h4 25. Nd3 hxg3 26. hxg3 Rbc8 27. Qb3 Rb8 28.
Ne2 Bf6 29. Nef4 Bf7 30. Qa4 Kg7 31. Rc1 Na7 32. Nc5 Rdc8 33. Rdc2 Rc6 34. Bf1
Qe7 35. Qb4 { } 35... Kg8 36. Nxa6 Rxc2 37. Rxc2 Qd8 38. Nxb8 1-0

[Event "Staatsmeisterschaft 2001"]
[Site "Mureck (Austria)"]
[Date "2001.08.14"]
[Round "10.3"]
[White "Brandner, Stefan"]
[Black "Stanec, Nikolaus"]
[Result "0-1"]
[WhiteElo "2276"]
[BlackElo "2530"]
[PlyCount "76"]
[EventDate "2001.08.14"]

1. d4 Nf6 2. Nc3 d5 3. Bg5 h6 4. Bh4 e6 5. a3 c5 6. e3 Nc6 7. Nf3 Be7 8. Bd3
O-O 9. O-O Nd7 10. Bxe7 Qxe7 11. Nb1 e5 12. dxe5 Ndxe5 13. Nxe5 Nxe5 14. Be2
Rd8 15. Nd2 b6 16. Nf3 Ng4 17. c3 Nf6 18. Qa4 Ne4 19. Rad1 Bg4 20. Rfe1 Qf6 21.
Rxd5 Rxd5 22. Qxe4 Be6 23. c4 Rdd8 24. Ne5 Rac8 25. f4 Rd2 26. Bd3 26... g6 { }
27. Qf3 Rxb2 28. Qg3 Rd8 29. h4 Qg7 30. e4 Rb3 31. Re3 Rxa3 32. f5 Rdxd3 33.
Nxd3 Bxc4 34. e5 gxf5 35. e6 Qxg3 36. Rxg3+ Kf8 37. Rg8+ Ke7 38. exf7 Bxf7 0-1